| 000 | 00629cam a22002173a 4500 | ||
|---|---|---|---|
| 001 | 41534 | ||
| 003 | PGUSA | ||
| 005 | 20140828083934.0 | ||
| 008 | 121201s2012||||xxu|||||s|||||000 | eng d | ||
| 040 |
_aPGUSA _beng |
||
| 042 | _adc | ||
| 100 | 1 | _aBoyles, Virgil D. | |
| 245 | 1 | 0 |
_aLangford of the Three Bars _h[electronic resource] / _cVirgil D. Boyles |
| 260 |
_bProject Gutenberg, _c2012 |
||
| 506 | _aPublic domain in the USA. | ||
| 516 | _aElectronic text | ||
| 700 | 1 |
_aWyeth, N. C. _q(Newell Convers), _d1882-1945 |
|
| 830 | 0 |
_aProject Gutenberg _v41534 |
|
| 856 | 4 | 0 | _uhttp://www.gutenberg.org/ebooks/41534 |
| 942 | _cEB | ||
| 999 |
_c270786 _d270786 |
||